000 00395nam a2200145 a 4500
005 20140412111227.0
008 100122s19uu xx 00 eng d
020 _a0-590-42582-x
050 _aM 305.896
_bL57 1990
100 _aLevine, Ellen
245 _aLived at the time of Martin Luther King /
_cEllen Levine.
260 _aU.S.A :
_bScholastic,
_c1990.
300 _a79p.
999 _c102075
_d102075